|
|
|
|
| LEADER |
00000nlm0a2200000 4500 |
| 001 |
647554 |
| 005 |
20240205160636.0 |
| 029 |
1 |
0 |
|a RU
|b 2239207
|c Пат.
|d МПК G 01 T 1/178
|d МПК G 01 N 23/223
|
| 035 |
|
|
|a (RuTPU)RU\TPU\network\12694
|
| 035 |
|
|
|a RU\TPU\network\12691
|
| 039 |
0 |
|
|a RU
|b 2003124036/28
|c 20030730
|
| 090 |
|
|
|a 647554
|
| 100 |
|
|
|a 20160414j20041027k y0rusy50 ca
|
| 101 |
0 |
|
|a rus
|
| 102 |
|
|
|a RU
|
| 105 |
|
|
|a a k 000zy
|
| 135 |
|
|
|a drgn ---uucaa
|
| 181 |
|
0 |
|a i
|
| 182 |
|
0 |
|a b
|
| 200 |
1 |
|
|a Способ измерения коэффициента эманирования радона-222 в почвогрунтах
|f Н. К. Рыжакова, В. С. Яковлева
|g Национальный исследовательский Томский политехнический университет (ТПУ)
|
| 203 |
|
|
|a Текст
|c электронный
|
| 300 |
|
|
|a опубл. 27.10.04
|
| 330 |
|
|
|a Изобретение относится к области измерения ядерных излучений, а именно к измерению коэффициента эманирования радона в почвогрунтах в натурных условиях, и может быть использовано для оценки радоноопасности территорий при инженерно-экологических изысканиях, при оценке уровня радона в жилых помещениях, при поиске урановых руд с применением ядерно-физических методов.
|
| 610 |
1 |
|
|a патенты
|
| 610 |
1 |
|
|a труды учёных ТПУ
|
| 610 |
1 |
|
|a электронный ресурс
|
| 610 |
1 |
|
|a изобретения
|
| 610 |
1 |
|
|a эманирование
|
| 610 |
1 |
|
|a радон
|
| 610 |
1 |
|
|a почвогрунты
|
| 610 |
1 |
|
|a инженерно-экологические изыскания
|
| 610 |
1 |
|
|a урановые руды
|
| 610 |
1 |
|
|a ядерные излучения
|
| 610 |
1 |
|
|a ядерно-физические методы
|
| 700 |
|
1 |
|a Рыжакова
|b Н. К.
|c физик
|c доцент Томского политехнического университета, кандидат физико-математических наук
|f 1947-
|g Надежда Кирилловна
|3 (RuTPU)RU\TPU\pers\28003
|9 12992
|
| 701 |
|
1 |
|a Яковлева
|b В. С.
|c физик
|c доцент Томского политехнического университета, кандидат физико-математических наук
|f 1970-
|g Валентина Станиславовна
|3 (RuTPU)RU\TPU\pers\25838
|9 11711
|
| 712 |
0 |
2 |
|a Томский политехнический университет (ТПУ)
|c (1991-2009)
|3 (RuTPU)RU\TPU\col\376
|
| 801 |
|
1 |
|a RU
|b 63413507
|c 20120201
|
| 801 |
|
2 |
|a RU
|b 63413507
|c 20160603
|g RCR
|
| 856 |
4 |
|
|u http://www1.fips.ru/fips_servl/fips_servlet?DB=RUPAT&rn=9773&DocNumber=2239207&TypeFile=html
|
| 942 |
|
|
|c CF
|